Online
Catalog

Sugerencias a la administración 86 - 90. (Record no. 37584)

MARC details
000 -CABECERA
campo de control de longitud fija 00477nam a2200157 a 4500
001 - NÚMERO DE CONTROL
campo de control 000038094
003 - IDENTIFICADOR DEL NÚMERO DE CONTROL
campo de control DO-SdBNP
005 - FECHA Y HORA DE LA ÚLTIMA TRANSACCIÓN
campo de control 20250307114926.0
008 - DATOS DE LONGITUD FIJA--INFORMACIÓN GENERAL
campo de control de longitud fija 130313s1986 000 0 spa d
040 ## - FUENTE DE LA CATALOGACIÓN
Centro catalogador/agencia de origen DO-SdBNP
Lengua de catalogación spa
Centro/agencia transcriptor BNPHU
245 00 - MENCIÓN DE TÍTULO
Título Sugerencias a la administración 86 - 90.
260 ## - PUBLICACIÓN, DISTRIBUCIÓN, ETC.
Lugar de publicación, distribución, etc. [Santo Domingo] :
Nombre del editor, distribuidor, etc. ANJE ,
Fecha de publicación, distribución, etc. 1986.
300 ## - DESCRIPCIÓN FÍSICA
Extensión 282 p. : ;
Dimensiones 21 cm.
710 2# - PUNTO DE ACCESO ADICIONAL--NOMBRE DE ENTIDAD CORPORATIVA
Nombre de entidad corporativa o nombre de jurisdicción como elemento de entrada Asociación Nacional de Jóvenes Empresarios (República Dominicana)
9 (RLIN) 18693
942 ## - ELEMENTOS DE PUNTO DE ACCESO ADICIONAL (KOHA)
Fuente del sistema de clasificación o colocación Dewey Decimal Classification
Tipo de ítem Koha Libro
Holdings
Estado de retiro Estado de pérdida Restricciones de uso No para préstamo Código de colección Localización permanente Ubicación/localización actual Ubicación en estantería Fecha de adquisición Número de inventario Total de préstamos Signatura topográfica completa Código de barras Fecha visto por última vez Precio válido a partir de Tipo de ítem Koha Número de copia
        Monografías: Libros y Folletos Patrimonio Dominicano Patrimonio Dominicano En catalogación 13.03.2013 LF1   38094-10 25.06.2020 25.06.2020 Préstamo en sala  
      Préstamo restrigido Monografías: Libros y Folletos Patrimonio Dominicano Patrimonio Dominicano En catalogación 01.05.2013 LF1   38094-20 25.06.2020 25.06.2020 Préstamo en sala e. 2
        Monografías: Libros y Folletos Patrimonio Dominicano Patrimonio Dominicano En catalogación 14.06.2013 LF1   38094-30 25.06.2020 25.06.2020 Préstamo en sala e. 3

Powered by Koha